000 00939nam a2200277Ia 4500
003 OSt
005 20221005102800.0
006 a|||||r|||| 00| 0
007 ta
008 221004b |||||||| |||| 00| 0 hin d
020 _a9788185999920 (hbk)
_cIndian Rupees 450
024 _a41111
037 _bGift, 10/01/2019,
_cTextual
040 _aCRL
_cCRL
_bhin
041 _2hin
_ahin
082 _aO152:g, Q0
100 _aचौहान, चंचल, ले.
245 0 _aआलोचना यात्रा
246 _aĀlochanā yātrā
260 _aंदिल्ली
_bस्वराज प्रकाशन भारत
_c2010
300 _a240पृ0
_ccm.
650 _a हिन्दी आलोचना
650 _aहिन्दी साहित्य
942 _hO152:g, Q0
_cTEXL
_2cc
999 _c1008950
_d1008950